000
00350 a2200169 4500
001
186842
020
_a
85-08-05658-3
040
_c
Magnum
100
_a
Furnari, Eva
240
1
0
_a
O feitiço do sapo
_l
por
245
1
0
_a
O feitiço do sapo
300
_a
32
362
0
_a
1995
440
1
_a
Ática
697
_a
LITERATURA INFANTO
942
_c
BK
999
_c
186842
_d
186842